Tootal Clothing Ltd v Guinea Properties Management Ltd (Record no. 30035)

MARC details
000 -LEADER
fixed length control field 01207cab a2200229 4500
001 - CONTROL NUMBER
control field Z2506
008 - FIXED-LENGTH DATA ELEMENTS--GENERAL INFORMATION
fixed length control field 090401t1992 xxu||||| |||| 00| 0 eng d
035 ## - SYSTEM CONTROL NUMBER
System control number (Sirsi) u47648
041 ## - LANGUAGE CODE
Language code of text/sound track or separate title eng
245 ## - TITLE STATEMENT
Title Tootal Clothing Ltd v Guinea Properties Management Ltd
260 ## - PUBLICATION, DISTRIBUTION, ETC.
Date of publication, distribution, etc. 1992
350 ## - PRICE (NR) (BK AM CF MU VM SE) [OBSOLETE]
Price 0
490 ## - SERIES STATEMENT
Series statement Rent Review & Lease Renewal
Volume/sequential designation 13(1) Autumn 1992, 76-80(5)
520 ## - SUMMARY, ETC.
Summary, etc. CA 4 June 1992. It was agreed between claimant (T) and defendant (G) that T would carry out shop-fitting works and, on satisfactory completion G would pay T £30,000 towards the cost of the works. G refused to pay claiming that s2 of the Law Reform (Miscellaneous Provisions) Act 1989 rendered the agreement void. The judge accepted this contention and T appealed. It was "held" that section 2 was concerned with executory contracts and did not apply to the supplementary agreement between T & G as this was an agreement separate to, and distinct from, the lease itself.
650 ## - SUBJECT ADDED ENTRY--TOPICAL TERM
Topical term or geographic name entry element LAW REFORM (MISCELLANEOUS PROVISIONS) ACT 1989 S2
650 ## - SUBJECT ADDED ENTRY--TOPICAL TERM
Topical term or geographic name entry element LEASES
650 ## - SUBJECT ADDED ENTRY--TOPICAL TERM
Topical term or geographic name entry element RENT FREE PERIODS
650 ## - SUBJECT ADDED ENTRY--TOPICAL TERM
Topical term or geographic name entry element SHOPFITTING
690 ## - LOCAL SUBJECT ADDED ENTRY--TOPICAL TERM (OCLC, RLIN)
Topical term or geographic name as entry element LANDLORD AND TENANT-CASE LAW-BUSINESS TENANCIES
942 ## - ADDED ENTRY ELEMENTS (KOHA)
Suppress in OPAC 0
948 ## - LOCAL PROCESSING INFORMATION (OCLC); SERIES PART DESIGNATOR (RLIN)
c (OCLC) 04/03/1997
Holdings
Withdrawn status Lost status Source of classification or shelving scheme Damaged status Not for loan Home library Current library Shelving location Date acquired Total Checkouts Full call number Barcode Date last seen Copy number Price effective from Koha item type
    Dewey Decimal Classification     London London Journal article 14/09/1999   Z2506 47648-1001 06/08/2019 1 06/08/2019 Law report